000 00690nam a2200253Ia 4500
003 OSt
005 20221007064227.0
006 a|||||r|||| 00| 0
007 ta
008 221006b |||||||| |||| 00| 0 eng d
024 _a2,257
037 _cReference Collections
040 _aFLL
_cFLL
_beng
041 _2eng
_aeng
082 _aZ:(P:7), P1
100 _aMony K. Au.
_9685499
245 0 _aLegal drafting
250 _a11th
260 _aCochin
_bUsha publications India
_c2001
650 _aLegal drafting
_9685500
700 _a Usha K. Au.
_9685501
942 _hZ:(P:7), P1
_cREF
_2CC
999 _c1133314
_d1133314